Rural poverty and the public distribution system (Record no. 101831)

000 -LEADER
fixed length control field 00911pab a2200193 454500
008 - FIXED-LENGTH DATA ELEMENTS--GENERAL INFORMATION
fixed length control field 180718b2013 xxu||||| |||| 00| 0 eng d
100 ## - MAIN ENTRY--PERSONAL NAME
Personal name Dreze, Jean
245 ## - TITLE STATEMENT
Title Rural poverty and the public distribution system
260 ## - PUBLICATION, DISTRIBUTION, ETC.
Date of publication, distribution, etc. 2013
300 ## - PHYSICAL DESCRIPTION
Extent p.55-60.
362 ## - DATES OF PUBLICATION AND/OR SEQUENTIAL DESIGNATION
Dates of publication and/or sequential designation 16 Nov
520 ## - SUMMARY, ETC.
Summary, etc. This article presents estimates of the impact of the public distribution system on rural poverty, using National Sample Survey data for 2009-10 and official poverty lines. At the all-India level, the PDS is estimated to reduce the poverty-gap index of rural poverty by 18% to 22%. The corresponding figures are much larger for states with a well-functioning PDS, e g, 61% to 83% in Tamil Nadu and 39% to 57% in Chhattisgarh. - Reproduced.
650 ## - SUBJECT ADDED ENTRY--TOPICAL TERM
Topical term or geographic name entry element Public distribution system
650 ## - SUBJECT ADDED ENTRY--TOPICAL TERM
Topical term or geographic name entry element Poverty
700 ## - ADDED ENTRY--PERSONAL NAME
Personal name Khera, Reetika
773 ## - HOST ITEM ENTRY
Main entry heading Economic and Political Weekly
908 ## - PUT COMMAND PARAMETER (RLIN)
Put command parameter N
909 ## -
-- 101833
Holdings
Withdrawn status Lost status Damaged status Not for loan Permanent Location Current Location Date acquired Serial Enumeration / chronology Barcode Date last seen Price effective from Koha item type
        Indian Institute of Public Administration Indian Institute of Public Administration 2018-07-19 Volume no: 48, Issue no: 45-46 AR102293 2018-07-19 2018-07-19 Articles

Powered by Koha